00171nam a22000737a 4500040000700000082000800007100001600015245006600031 cHS a636 aG.R. CARTER aDiagnostic procedures in veterinary bacteriology and mycology